000 00555nam a2200205 a 4500
001 BRCA_6217
005 20190320205355.0
008 180711s1914----gw-#######---#000-0#ger-#
041 _ager
044 _agw
050 4 _aPT2638
_b.N5 R45
_c1914
100 1 _aSchnitzler, Arthur
_d1862-1931
_915488
245 1 0 _aReigen
_bzehn dialoge geschrieben winter 1896-97.
_cArthur Schnitzler.
260 _aBerlĂ­n
_bBenjamin Harz
_c1914
300 _a254 p.
_c19 cm.
500 _aK77
650 1 4 _aLiteratura austriaca
_915490
902 _aGFM
942 _2lcc
_cB
999 _c5904
_d5904